02011 am a2200517 a 450000500170000000800410001702000150005804100080007310000190008124500490010025000530014926000440020230000110024650000980025765300440035565300460039965300420044565300250048765300310051265300470054365300170059065300470060765300630065465300280071765300240074565300240076965300170079365300180081065300360082865300140086465300680087865300250094665300560097165300390102765300340106665300370110065300400113765300350117765300320121265300370124465300260128165300530130765300240136065300720138465300370145620240627100432.0100309s1993||||sp a f |||| 001 0 spa d a8420523860 aspa1 aSymonds, E. M. aObstetricia y ginecología /cE. M. Symonds a2a ed.bTraducción Miguel del Campo Casanelles aMadrid: bChurchill Livingstone;c1993. a318 p. aSymonds, E. M. (1993). Obstetricia y ginecología. (2a ed.). Madrid : Churchill Livingstone. aHistoria y exploración en obstetricia aHistoria y exploración en ginecología aCambios fisiológicos en el embarazo aCuidados antenatales aConcepción y anidación aCrecimiento y desarrollo placentario fetal aInfertilidad aEmbarazo extrauterino y mola hidatidiforme aAnomalías congénitas e infecciones durante el embarazo aAlteraciones prenatales aHemorragia preparto aEmbarazo múltiple aParto normal aParto anormal aParto instrumental y operatorio aPuerperio aAlteraciones psiquiátricas durante el embarazo y el puerperio aMortalidad perinatal aTécnicas de imagen en obstetricia y ginecología aContracepción y esterilización aCambios en el ciclo menstrual aAlteraciones del ciclo menstrual aAlteraciones de la función sexual aInfecciones del tracto genital aEndometriosis y adenomiosis aLesiones de la vulva y la vagina aLesiones del cérvix aLesiones del útero y de las trompas de falopio aLesiones del ovario aAlteraciones de los mecanismos de soporte en el útero y la vagina aAlteraciones del tracto urinario